00266nam a2200121Ia 45000030006000000080041000060400015000471000019000622450025000812600009001065460012001150050017001270STCL150530s9999 xx 000 0 und d aSTCLcSTCL aBeryl Williams aHis garden the world c1965 aEnglish20220125171346.0